[Event "Olympiad-43"]
[Site "Batumi"]
[Date "2018.10.05"]
[Round "11.1"]
[White "Zhigalko, Sergei"]
[Black "Morovic Fernandez, Ivan"]
[Result "1/2-1/2"]
[WhiteElo "2610"]
[BlackElo "2501"]
[PlyCount "93"]
[EventDate "2018.09.24"]
[EventType "team-swiss"]
[EventRounds "11"]
[EventCountry "GEO"]
[SourceTitle "CBM 187"]
[Source "ChessBase"]
[SourceDate "2018.12.11"]
[SourceVersion "1"]
[SourceVersionDate "2018.12.11"]
[SourceQuality "1"]
[WhiteTeam "Belarus"]
[BlackTeam "Chile"]
[WhiteTeamCountry "BLR"]
[BlackTeamCountry "CHI"]

1. e4 e5 2. Nf3 Nc6 3. Bb5 a6 4. Ba4 Nf6 5. O-O Be7 6. Re1 b5 7. Bb3 d6 8. c3 O-O 9. h3 Re8 10. d4 Bb7 11. Nbd2 Bf8 12. a3 h6 13. Bc2 Nb8 14. b3 Nbd7 15. Bb2 Rb8 16. a4 c5 17. d5 Bc8 18. c4 b4 19. g3 g6 20. Kg2 Nh5 21. Nf1 Ndf6 22. Ne3 Bg7 23. Rb1 a5 24. Rh1 Nh7 25. Qe2 Ng5 26. Rbg1 Nxf3 27. Qxf3 Qf6 28. Qe2 Qe7 29. Kf1 Bd7 30. Ke1 Rf8 31. Kd1 Rbe8 32. Bc1 Kh7 33. Bd2 Qd8 34. Kc1 Qe7 35. Kb1 Bc8 36. Ka2 Bd7 37. Qd1 Qd8 38. Re1 Qe7 39. Rh2 Bc8 40. Qc1 Bd7 41. Rg1 Rh8 42. Ng4 Qf8 43. Ne3 Qe7 44. Qd1 Ref8 45. Qe2 Kg8 46. Qd1 Kh7 47. Qe2 1/2-1/2

[Event "Wch Rapid"]
[Site "St Petersburg"]
[Date "2018.12.26"]
[Round "1"]
[White "Kryakvin, Dmitry"]
[Black "Zhigalko, Sergei"]
[Result "1/2-1/2"]
[WhiteElo "2588"]
[BlackElo "2604"]
[PlyCount "72"]
[EventDate "2018.12.26"]
[EventType "swiss (rapid)"]
[EventRounds "15"]
[EventCountry "RUS"]
[SourceTitle "CBM 187 Extra"]
[Source "ChessBase"]
[SourceDate "2018.11.04"]
[SourceVersion "1"]
[SourceVersionDate "2018.11.04"]
[SourceQuality "1"]

1. d4 Nf6 2. Bg5 d5 3. e3 e6 4. Bd3 Be7 5. Nd2 b6 6. f4 Ba6 7. Bxa6 Nxa6 8. Ngf3 O-O 9. Ne5 Nb8 10. O-O Nfd7 11. Bxe7 Qxe7 12. c4 f6 13. Nd3 c6 14. Rc1 f5 15. Nf3 Nf6 16. Nfe5 Qb7 17. Qa4 Rc8 18. Qa3 Ne4 19. cxd5 exd5 20. Rc2 a5 21. Rfc1 a4 22. Nf2 Nf6 23. Qd6 Re8 24. Nxc6 Nxc6 25. Rxc6 Rxe3 26. Rxb6 Rae8 27. h3 Qf7 28. Rb8 h6 29. Rxe8+ Qxe8 30. Qb4 Re2 31. Rf1 Qe3 32. Qb8+ Kh7 33. Qe5 Ne4 34. Qxf5+ Kh8 35. Qc8+ Kh7 36. Qf5+ Kh8 1/2-1/2

[Event "Wch Rapid"]
[Site "St Petersburg"]
[Date "2018.12.26"]
[Round "2"]
[White "Zhigalko, Sergei"]
[Black "Khusnutdinov, Rustam"]
[Result "0-1"]
[WhiteElo "2604"]
[BlackElo "2470"]
[PlyCount "132"]
[EventDate "2018.12.26"]
[EventType "swiss (rapid)"]
[EventRounds "15"]
[EventCountry "RUS"]
[SourceTitle "CBM 187 Extra"]
[Source "ChessBase"]
[SourceDate "2018.11.04"]
[SourceVersion "1"]
[SourceVersionDate "2018.11.04"]
[SourceQuality "1"]

1. e4 Nc6 2. Nf3 d6 3. d4 Nf6 4. Nc3 g6 5. d5 Nb8 6. h3 Bg7 7. Bc4 O-O 8. O-O c6 9. a4 b6 10. Re1 Bb7 11. Bg5 Nbd7 12. Qd2 Rc8 13. b3 a6 14. Rad1 cxd5 15. exd5 b5 16. axb5 Nb6 17. Nd4 axb5 18. Bxb5 Nbxd5 19. Nxd5 Bxd5 20. c4 Ba8 21. Qe3 Rc5 22. f4 e6 23. b4 Rc7 24. Nxe6 fxe6 25. Qxe6+ Kh8 26. Rxd6 Qb8 27. Kh2 Qb7 28. Re2 Ne4 29. Rb6 Nxg5 30. fxg5 Qa7 31. c5 Rcf7 32. Bc4 Rf4 33. Bd5 R4f5 34. Bxa8 Qxa8 35. h4 Rf4 36. Kh3 Qa1 37. Re1 Qd4 38. g3 Rf2 39. Re2 Rf1 40. Qe4 Qc3 41. Re6 R1f3 42. Rg2 R3f4 43. Qe3 Qxe3 44. Rxe3 Rxb4 45. Rc2 Rb7 46. c6 Rc7 47. Re6 Kg8 48. Rd6 Rfc8 49. Kg4 Bf8 50. Re6 Rd8 51. Rc4 Rd6 52. Rxd6 Bxd6 53. Rc2 Kf7 54. h5 Ke6 55. Rf2 Be5 56. Rc2 Kd5 57. hxg6 hxg6 58. Rd2+ Bd4 59. Re2 Rxc6 60. Re8 Be5 61. Rd8+ Ke4 62. Rg8 Rd6 63. Re8 Rd3 64. Re6 Rxg3+ 65. Kh4 Rg1 66. Rxg6 Kf5 0-1

[Event "Wch Rapid"]
[Site "St Petersburg"]
[Date "2018.12.26"]
[Round "3"]
[White "Belozerov, Andrei"]
[Black "Zhigalko, Sergei"]
[Result "0-1"]
[WhiteElo "2528"]
[BlackElo "2604"]
[PlyCount "116"]
[EventDate "2018.12.26"]
[EventType "swiss (rapid)"]
[EventRounds "15"]
[EventCountry "RUS"]
[SourceTitle "CBM 187 Extra"]
[Source "ChessBase"]
[SourceDate "2018.11.04"]
[SourceVersion "1"]
[SourceVersionDate "2018.11.04"]
[SourceQuality "1"]

1. e4 c5 2. Nf3 Nc6 3. Bb5 Nf6 4. Bxc6 dxc6 5. d3 Bg4 6. h3 Bh5 7. Nbd2 Qc7 8. Nc4 Nd7 9. g4 Bg6 10. Nh4 b5 11. Ne3 e6 12. Qf3 Bd6 13. Bd2 Be5 14. Rb1 O-O 15. O-O Rae8 16. b3 h6 17. Rbe1 Bh7 18. Qd1 Rd8 19. Nhg2 Bd4 20. Kh1 f5 21. exf5 exf5 22. Nxf5 Bxf5 23. gxf5 Rxf5 24. Qg4 Rf7 25. Re6 Nf6 26. Qg6 Qd7 27. Nf4 Nd5 28. Nxd5 cxd5 29. Bxh6 Rf6 30. Rxf6 Qxh3+ 31. Kg1 Bxf6 32. Bf4 Qe6 33. Bd2 Qf7 34. Qxf7+ Kxf7 35. Kg2 Rd6 36. a4 bxa4 37. bxa4 Rb6 38. Be3 d4 39. Bf4 Rb2 40. Rc1 Ke6 41. Kf3 Kd5 42. Bd2 Ra2 43. a5 Bd8 44. Ke2 c4 45. dxc4+ Kxc4 46. f4 Bxa5 47. Bxa5 Rxa5 48. Rg1 Ra2 49. Rxg7 Rxc2+ 50. Kd1 Ra2 51. f5 a5 52. Ra7 Kc3 53. f6 Ra1+ 54. Ke2 d3+ 55. Kf2 d2 56. Rc7+ Kb3 57. Rb7+ Ka4 58. Rd7 d1=Q 0-1

[Event "Wch Rapid"]
[Site "St Petersburg"]
[Date "2018.12.26"]
[Round "4"]
[White "Zhigalko, Sergei"]
[Black "Tukhaev, Adam"]
[Result "1-0"]
[WhiteElo "2604"]
[BlackElo "2527"]
[PlyCount "78"]
[EventDate "2018.12.26"]
[EventType "swiss (rapid)"]
[EventRounds "15"]
[EventCountry "RUS"]
[SourceTitle "CBM 187 Extra"]
[Source "ChessBase"]
[SourceDate "2018.11.04"]
[SourceVersion "1"]
[SourceVersionDate "2018.11.04"]
[SourceQuality "1"]

1. e4 g6 2. d4 d6 3. Nc3 Nf6 4. Nf3 Bg7 5. h3 O-O 6. Be3 a6 7. a4 Nc6 8. d5 Nb4 9. Bc4 a5 10. O-O e5 11. Re1 h6 12. Qd2 Kh7 13. Rad1 Ng8 14. Nh2 f5 15. exf5 Bxf5 16. Bb3 g5 17. Ne2 Bg6 18. Ng3 Ne7 19. Qe2 Qe8 20. c3 Na6 21. Nhf1 b6 22. Bc4 Nc5 23. Bxc5 bxc5 24. Bb5 Qf7 25. Ne3 Rab8 26. Rd2 Qf4 27. Nc4 Ra8 28. Bd7 Qf7 29. Be6 Qe8 30. Ra1 Rf4 31. Bg4 Ng8 32. Nh5 Rf8 33. Ne3 Ne7 34. Ra3 Rb8 35. Nc4 Ra8 36. Rb3 Rb8 37. Rxb8 Qxb8 38. Nxg7 Kxg7 39. Nxe5 dxe5 1-0

[Event "Wch Rapid"]
[Site "St Petersburg"]
[Date "2018.12.26"]
[Round "5"]
[White "Vallejo Pons, Francisco"]
[Black "Zhigalko, Sergei"]
[Result "0-1"]
[WhiteElo "2695"]
[BlackElo "2604"]
[PlyCount "78"]
[EventDate "2018.12.26"]
[EventType "swiss (rapid)"]
[EventRounds "15"]
[EventCountry "RUS"]
[SourceTitle "CBM 187 Extra"]
[Source "ChessBase"]
[SourceDate "2018.11.04"]
[SourceVersion "1"]
[SourceVersionDate "2018.11.04"]
[SourceQuality "1"]

1. e4 c5 2. Nf3 Nc6 3. Nc3 Nf6 4. Bb5 Qc7 5. O-O Nd4 6. Ba4 a6 7. Nxd4 cxd4 8. Nd5 Nxd5 9. exd5 b5 10. Bb3 Bb7 11. Re1 e6 12. d3 Bd6 13. Qh5 Qc5 14. c3 g6 15. Qh4 Be7 16. Qxd4 Qxd4 17. cxd4 Bb4 18. Re4 Bd6 19. dxe6 dxe6 20. d5 O-O-O 21. Bf4 Bxd5 22. Bxd5 exd5 23. Rd4 Rhe8 24. Rc1+ Kb7 25. Bxd6 Rxd6 26. Kf1 Rc6 27. Rxc6 Kxc6 28. Rf4 f5 29. g4 fxg4 30. b4 Kd6 31. Rxg4 Rc8 32. Rg3 Ke5 33. Rh3 Kd4 34. Rxh7 Kxd3 35. Rd7 d4 36. Rd6 g5 37. Rxa6 Kc2 38. a4 d3 39. axb5 d2 0-1

[Event "Wch Rapid"]
[Site "St Petersburg"]
[Date "2018.12.27"]
[Round "6"]
[White "Zhigalko, Sergei"]
[Black "Alekseev, Evgeny V"]
[Result "1/2-1/2"]
[WhiteElo "2604"]
[BlackElo "2639"]
[PlyCount "46"]
[EventDate "2018.12.26"]
[EventType "swiss (rapid)"]
[EventRounds "15"]
[EventCountry "RUS"]
[SourceTitle "CBM 187 Extra"]
[Source "ChessBase"]
[SourceDate "2018.11.04"]
[SourceVersion "1"]
[SourceVersionDate "2018.11.04"]
[SourceQuality "1"]

1. e4 c5 2. Nf3 e6 3. c3 d5 4. exd5 Qxd5 5. d4 Nf6 6. Na3 Nc6 7. Be3 cxd4 8. Nb5 Qd8 9. Nbxd4 Nd5 10. Bd3 Nxe3 11. fxe3 Bd7 12. Qc2 g6 13. O-O-O Bg7 14. Kb1 O-O 15. h4 h6 16. Nxc6 bxc6 17. Qd2 Qf6 18. Rhf1 Rad8 19. e4 Qe7 20. Qe3 c5 21. e5 Bc6 22. Be4 Bb5 23. Rfe1 Rfe8 1/2-1/2

[Event "Wch Rapid"]
[Site "St Petersburg"]
[Date "2018.12.27"]
[Round "7"]
[White "Alekseenko, Kirill"]
[Black "Zhigalko, Sergei"]
[Result "1-0"]
[WhiteElo "2638"]
[BlackElo "2604"]
[PlyCount "147"]
[EventDate "2018.12.26"]
[EventType "swiss (rapid)"]
[EventRounds "15"]
[EventCountry "RUS"]
[SourceTitle "CBM 187 Extra"]
[Source "ChessBase"]
[SourceDate "2018.11.04"]
[SourceVersion "1"]
[SourceVersionDate "2018.11.04"]
[SourceQuality "1"]

1. e4 c5 2. Nf3 Nc6 3. d4 cxd4 4. Nxd4 Nf6 5. Nc3 e5 6. Ndb5 d6 7. Bg5 a6 8. Na3 b5 9. Nd5 Be7 10. Bxf6 Bxf6 11. c4 b4 12. Nc2 O-O 13. g3 a5 14. Bg2 Bg5 15. O-O Ne7 16. Nde3 Bxe3 17. Nxe3 Be6 18. b3 Qc7 19. Qd2 Rfd8 20. h4 Nc6 21. Nc2 a4 22. Kh2 Qa5 23. Bh3 Qc5 24. Rfd1 h6 25. h5 Ra7 26. Kg2 Bxh3+ 27. Kxh3 Nd4 28. Kg2 Nxc2 29. Qxc2 Rda8 30. Rab1 axb3 31. axb3 Ra2 32. Rb2 Rxb2 33. Qxb2 Ra3 34. Qc2 Qa7 35. Rd2 Ra1 36. Qd3 Qa3 37. Rc2 Ra2 38. f4 exf4 39. gxf4 Ra1 40. c5 dxc5 41. Rxc5 Rc1 42. Rc2 Qa1 43. e5 Rg1+ 44. Kf3 Qd1+ 45. Qxd1 Rxd1 46. Ke4 Re1+ 47. Kd5 Rd1+ 48. Kc5 Rf1 49. Rc4 Rf3 50. Rxb4 Kf8 51. Kd5 Rd3+ 52. Ke4 Rh3 53. Rb8+ Ke7 54. Rb7+ Kf8 55. b4 Rxh5 56. b5 Rh1 57. b6 Rb1 58. f5 h5 59. e6 fxe6 60. fxe6 h4 61. Kf3 Rb3+ 62. Kg2 g5 63. Rf7+ Ke8 64. b7 g4 65. Rh7 Rb2+ 66. Kf1 Rb1+ 67. Ke2 Rb2+ 68. Ke3 Rb3+ 69. Ke4 g3 70. b8=Q+ Rxb8 71. Rh8+ Ke7 72. Rxb8 g2 73. Rb1 h3 74. Kf3 1-0

[Event "Wch Rapid"]
[Site "St Petersburg"]
[Date "2018.12.27"]
[Round "8"]
[White "Zhigalko, Sergei"]
[Black "Postny, Evgeny"]
[Result "1-0"]
[WhiteElo "2604"]
[BlackElo "2615"]
[PlyCount "109"]
[EventDate "2018.12.26"]
[EventType "swiss (rapid)"]
[EventRounds "15"]
[EventCountry "RUS"]
[SourceTitle "CBM 187 Extra"]
[Source "ChessBase"]
[SourceDate "2018.11.04"]
[SourceVersion "1"]
[SourceVersionDate "2018.11.04"]
[SourceQuality "1"]

1. e4 e5 2. Nf3 Nc6 3. Bb5 a6 4. Ba4 Nf6 5. O-O Be7 6. Re1 b5 7. Bb3 d6 8. c3 O-O 9. h3 Nb8 10. d4 Nbd7 11. Nbd2 Bb7 12. Bc2 c5 13. d5 c4 14. b4 cxb3 15. axb3 Qc7 16. Bb2 Rfb8 17. Bd3 Nc5 18. Bf1 a5 19. Rc1 b4 20. cxb4 axb4 21. Nc4 Qd8 22. Nfd2 Ba6 23. g3 Nfd7 24. h4 Nf6 25. Re3 Bc8 26. Be2 g6 27. f4 exf4 28. gxf4 Ne8 29. h5 Bf6 30. hxg6 hxg6 31. e5 Bg7 32. Nf3 Ra2 33. Bd4 Bg4 34. Rc2 Rba8 35. Ng5 Rxc2 36. Qxc2 Bf5 37. Qd1 Ra2 38. Bg4 Bc2 39. Qe1 Nxb3 40. e6 Bxd4 41. exf7+ Kf8 42. Ne6+ Kxf7 43. Nxd8+ Kg8 44. Qh4 Be4 45. Be6+ Kf8 46. Qh6+ Bg7 47. Qh4 Nd4 48. Nc6 Bf6 49. Qh6+ Bg7 50. Qh4 Bf6 51. Qh7 Ra1+ 52. Kf2 Ra2+ 53. Kg3 Nf5+ 54. Bxf5 Bxf5 55. Rxe8+ 1-0

[Event "Wch Rapid"]
[Site "St Petersburg"]
[Date "2018.12.27"]
[Round "9"]
[White "Goganov, Aleksey"]
[Black "Zhigalko, Sergei"]
[Result "1/2-1/2"]
[WhiteElo "2612"]
[BlackElo "2604"]
[PlyCount "38"]
[EventDate "2018.12.26"]
[EventType "swiss (rapid)"]
[EventRounds "15"]
[EventCountry "RUS"]
[SourceTitle "CBM 187 Extra"]
[Source "ChessBase"]
[SourceDate "2018.11.04"]
[SourceVersion "1"]
[SourceVersionDate "2018.11.04"]
[SourceQuality "1"]

1. d4 Nf6 2. c4 e6 3. Nf3 b6 4. g3 Ba6 5. Qb3 Nc6 6. Nbd2 Na5 7. Qc3 d5 8. c5 Rc8 9. b4 Nc4 10. Nxc4 dxc4 11. Bg5 Be7 12. Bxf6 Bxf6 13. Bg2 Bb7 14. Qxc4 Bxf3 15. Bxf3 Qxd4 16. Qb5+ Ke7 17. O-O Rhd8 18. Rad1 Qe5 19. Qa6 bxc5 1/2-1/2

[Event "Wch Rapid"]
[Site "St Petersburg"]
[Date "2018.12.27"]
[Round "10"]
[White "Zhigalko, Sergei"]
[Black "Vitiugov, Nikita"]
[Result "1-0"]
[WhiteElo "2604"]
[BlackElo "2719"]
[PlyCount "95"]
[EventDate "2018.12.26"]
[EventType "swiss (rapid)"]
[EventRounds "15"]
[EventCountry "RUS"]
[SourceTitle "CBM 187 Extra"]
[Source "ChessBase"]
[SourceDate "2018.11.04"]
[SourceVersion "1"]
[SourceVersionDate "2018.11.04"]
[SourceQuality "1"]

1. e4 e6 2. d4 d5 3. e5 c5 4. c3 Nc6 5. Nf3 Qb6 6. a3 c4 7. Nbd2 Na5 8. Be2 Bd7 9. O-O Ne7 10. Rb1 Qc7 11. h4 h6 12. h5 Nc8 13. Qe1 Nb6 14. Bd1 O-O-O 15. Nh4 Be7 16. f4 Rhg8 17. Bc2 Kb8 18. Ndf3 Qc8 19. Qg3 f5 20. exf6 gxf6 21. Ng6 Bd6 22. Qh4 f5 23. Nfe5 Be8 24. Bd2 Nb3 25. Be3 Qc7 26. Rf2 Nd7 27. Rbf1 Bxg6 28. Nxg6 Nf8 29. Ne5 Nh7 30. Ng6 Nf8 31. Ne5 Nh7 32. Ng6 Qf7 33. g4 fxg4 34. f5 g3 35. Rg2 exf5 36. Bxh6 Ka8 37. Bxf5 Rde8 38. Ne5 Bxe5 39. dxe5 Qc7 40. Bg6 Qb6+ 41. Kh1 Rxg6 42. hxg6 Qxg6 43. Rxg3 Qc6 44. Kg1 a5 45. Be3 Nf8 46. Rg8 Ne6 47. Qh8 Nc7 48. Rff8 1-0

[Event "Wch Rapid"]
[Site "St Petersburg"]
[Date "2018.12.28"]
[Round "11"]
[White "Bazeev, German"]
[Black "Zhigalko, Sergei"]
[Result "0-1"]
[WhiteElo "2416"]
[BlackElo "2604"]
[PlyCount "59"]
[EventDate "2018.12.26"]
[EventType "swiss (rapid)"]
[EventRounds "15"]
[EventCountry "RUS"]
[SourceTitle "CBM 187 Extra"]
[Source "ChessBase"]
[SourceDate "2018.11.04"]
[SourceVersion "1"]
[SourceVersionDate "2018.11.04"]
[SourceQuality "1"]

1. d4 Nf6 2. Nf3 e6 3. c4 b6 4. Nc3 Bb4 5. Bg5 h6 6. Bd2 Bb7 7. Rc1 O-O 8. g4 Bxc3 9. bxc3 Ne4 10. Rg1 d6 11. g5 h5 12. g6 Qf6 13. Bg5 Nxg5 14. Nxg5 fxg6 15. f3 Nc6 16. e3 Rae8 17. Rc2 Nd8 18. Qd3 e5 19. d5 e4 20. fxe4 Nf7 21. Nxf7 Rxf7 22. Rcg2 Bc8 23. Be2 Qh4+ 24. Kd2 Rxe4 25. Rxg6 Bf5 26. R6g5 Rf4 27. e4 Bg4 28. Bxg4 Qxg5 29. h4 Qg6 30. Rh1 0-1

[Event "Wch Rapid"]
[Site "St Petersburg"]
[Date "2018.12.28"]
[Round "12"]
[White "Zhigalko, Sergei"]
[Black "Andreikin, Dmitry"]
[Result "1/2-1/2"]
[WhiteElo "2604"]
[BlackElo "2719"]
[PlyCount "61"]
[EventDate "2018.12.26"]
[EventType "swiss (rapid)"]
[EventRounds "15"]
[EventCountry "RUS"]
[SourceTitle "CBM 187 Extra"]
[Source "ChessBase"]
[SourceDate "2018.11.04"]
[SourceVersion "1"]
[SourceVersionDate "2018.11.04"]
[SourceQuality "1"]

1. e4 g6 2. d4 Bg7 3. Nc3 c6 4. Nf3 d6 5. h3 Nf6 6. a4 O-O 7. Be3 Qc7 8. a5 e5 9. dxe5 dxe5 10. Bc4 Nh5 11. O-O Nf4 12. Re1 Be6 13. Bf1 h6 14. Ne2 Nd7 15. Qd2 g5 16. Ng3 Rfd8 17. Qc3 Nf8 18. Red1 N8g6 19. Rxd8+ Qxd8 20. a6 bxa6 21. Rxa6 Qd1 22. Rxa7 Rxa7 23. Bxa7 Nh4 24. Ne1 f5 25. exf5 Bd5 26. Kh2 Nfxg2 27. Nxg2 Nf3+ 28. Kh1 Nh4 29. Kh2 Nf3+ 30. Kh1 Nh4 31. Kh2 1/2-1/2

[Event "Wch Rapid"]
[Site "St Petersburg"]
[Date "2018.12.28"]
[Round "13"]
[White "Zubov, Alexander"]
[Black "Zhigalko, Sergei"]
[Result "1/2-1/2"]
[WhiteElo "2597"]
[BlackElo "2604"]
[PlyCount "24"]
[EventDate "2018.12.26"]
[EventType "swiss (rapid)"]
[EventRounds "15"]
[EventCountry "RUS"]
[SourceTitle "CBM 187 Extra"]
[Source "ChessBase"]
[SourceDate "2018.11.04"]
[SourceVersion "1"]
[SourceVersionDate "2018.11.04"]
[SourceQuality "1"]

1. d4 Nf6 2. c4 e6 3. Nf3 b6 4. a3 Bb7 5. Nc3 d5 6. Bg5 Be7 7. e3 O-O 8. Rc1 Nbd7 9. cxd5 exd5 10. Be2 c5 11. O-O Rc8 12. dxc5 bxc5 1/2-1/2

[Event "Wch Blitz"]
[Site "St Petersburg"]
[Date "2018.12.29"]
[Round "1"]
[White "Anikonov, Dmitry"]
[Black "Zhigalko, Sergei"]
[Result "1/2-1/2"]
[WhiteElo "2371"]
[BlackElo "2604"]
[PlyCount "332"]
[EventDate "2018.12.29"]
[EventType "swiss (blitz)"]
[EventRounds "21"]
[EventCountry "RUS"]
[SourceTitle "CBM 187 Extra"]
[Source "ChessBase"]
[SourceDate "2018.11.04"]
[SourceVersion "1"]
[SourceVersionDate "2018.11.04"]
[SourceQuality "1"]

1. d4 Nf6 2. c4 e6 3. g3 c5 4. d5 exd5 5. cxd5 d6 6. Nc3 g6 7. Bg2 Bg7 8. Nf3 O-O 9. O-O Re8 10. Bf4 a6 11. a4 Nh5 12. Bg5 Qc7 13. Re1 h6 14. Bd2 Nd7 15. e4 Rb8 16. Bf1 Nhf6 17. Rc1 b6 18. h3 Bb7 19. Kh2 Re7 20. Qc2 Rbe8 21. Bg2 Qb8 22. Bf4 Nh5 23. Be3 b5 24. axb5 axb5 25. Nxb5 Rxe4 26. Nc3 Rb4 27. Qd2 Kh7 28. g4 Nhf6 29. Bf4 Ba8 30. Rxe8 Nxe8 31. Rc2 Nb6 32. Bg3 Nc4 33. Qe2 Nxb2 34. g5 h5 35. Nh4 Na4 36. Ne4 Qd8 37. Rd2 Nc3 38. Nxc3 Bxc3 39. Rd3 Be5 40. Rf3 Rxh4 41. Bxe5 dxe5 42. Qxe5 Qd6 43. Rxf7+ Kg8 44. Qxd6 Nxd6 45. Rd7 Nf7 46. Ra7 Nxg5 47. Rxa8+ Kg7 48. Ra7+ Kf6 49. d6 Rd4 50. d7 Ne6 51. Bc6 Nd8 52. Bb5 Ke7 53. Ra6 Rd6 54. Ra4 Rd4 55. Ra6 Rd6 56. Ra3 Rb6 57. Ba4 Rb4 58. Re3+ Kd6 59. Bc2 Kxd7 60. Bxg6 h4 61. Bf5+ Kc7 62. Re7+ Kc6 63. Bg4 Rd4 64. Bf3+ Kd6 65. Rh7 c4 66. Rh6+ Kc5 67. Rh5+ Kb4 68. Bg4 c3 69. Bf5 Nc6 70. Rh6 Ne5 71. Kg2 Kb3 72. Rb6+ Rb4 73. Re6 Rb5 74. f4 Nc4 75. Be4 c2 76. Bxc2+ Kxc2 77. Kf3 Kd3 78. Kg4 Ne3+ 79. Kxh4 Rf5 80. Kg3 Rf8 81. Re5 Kd4 82. Re6 Nd5 83. Ra6 Nxf4 84. Ra4+ Ke5 85. Ra5+ Kd6 86. Ra6+ Kc5 87. Ra5+ Kb6 88. Ra4 Nd5 89. h4 Kc6 90. Ra6+ Kd7 91. h5 Ke7 92. Kg4 Kf7 93. Kg5 Rg8+ 94. Kf5 Ne7+ 95. Kf4 Rg1 96. h6 Rh1 97. Kg5 Rh2 98. Rf6+ Kg8 99. Ra6 Rg2+ 100. Kf4 Ng6+ 101. Kf5 Nh4+ 102. Kf4 Kh7 103. Ra7+ Kxh6 104. Ra8 Ng6+ 105. Kf5 Rf2+ 106. Ke4 Kg5 107. Rg8 Kf6 108. Ra8 Rf4+ 109. Ke3 Rb4 110. Ra5 Ne5 111. Ra8 Nd7 112. Ra6+ Ke5 113. Ra5+ Kd6 114. Ra8 Nc5 115. Rh8 Re4+ 116. Kf3 Re7 117. Rh5 Nd3 118. Ra5 Ne5+ 119. Kf4 Nc6 120. Ra8 Kd5 121. Ra1 Re4+ 122. Kf3 Ne5+ 123. Kf2 Rb4 124. Rd1+ Ke4 125. Rd8 Rb2+ 126. Kg3 Rc2 127. Ra8 Rc3+ 128. Kg2 Ng6 129. Ra4+ Kf5 130. Ra8 Kf4 131. Ra4+ Kg5 132. Ra8 Kg4 133. Kf2 Rd3 134. Rb8 Ra3 135. Rc8 Ne7 136. Rb8 Nd5 137. Ke2 Kf4 138. Rf8+ Ke4 139. Re8+ Kd4 140. Kf2 Nf6 141. Rb8 Ke5 142. Ke2 Kf4 143. Rf8 Ke5 144. Rb8 Kd4 145. Rb4+ Kd5 146. Rb8 Rh3 147. Ra8 Kd4 148. Ra4+ Ke5 149. Ra8 Nd5 150. Re8+ Kd4 151. Ra8 Rh2+ 152. Kf3 Rh7 153. Ra4+ Ke5 154. Ra8 Rf7+ 155. Ke2 Kd4 156. Ra4+ Kc5 157. Ra8 Kc4 158. Ra4+ Kb3 159. Ra8 Re7+ 160. Kf3 Rf7+ 161. Ke4 Nc3+ 162. Ke3 Kc4 163. Rc8+ Kb4 164. Ra8 Re7+ 165. Kf3 Nd5 166. Rc8 Kb5 1/2-1/2

[Event "Orsha blitz op"]
[Site "Orsha"]
[Date "2019.01.19"]
[Round "1"]
[White "Zhigalko, Sergei"]
[Black "Lapus, Vitaliy"]
[Result "1-0"]
[WhiteElo "2695"]
[BlackElo "1522"]
[PlyCount "59"]
[EventDate "2019.01.19"]
[EventType "swiss (blitz)"]
[EventRounds "10"]
[EventCountry "BLR"]
[SourceTitle "CBM 189 Extra"]
[Source "ChessBase"]
[SourceDate "2019.06.03"]
[SourceVersion "1"]
[SourceVersionDate "2019.06.03"]
[SourceQuality "1"]

1. e4 b6 2. d4 Bb7 3. Bd3 d6 4. Nf3 c5 5. d5 g6 6. c4 Bg7 7. Nc3 Nd7 8. O-O Ne5 9. Nxe5 dxe5 10. f4 exf4 11. Bxf4 Nf6 12. Qe2 O-O 13. e5 Nd7 14. Rae1 e6 15. Qe3 Qc7 16. d6 Qc8 17. h4 Re8 18. h5 Nf8 19. Bg5 Qd7 20. Bf6 Bxf6 21. Rxf6 a6 22. Ref1 Rab8 23. Be4 Bxe4 24. Nxe4 Kg7 25. Rxf7+ Qxf7 26. h6+ Kg8 27. Rxf7 Kxf7 28. Qf3+ Kg8 29. Ng5 Rb7 30. Qxb7 1-0

[Event "Orsha blitz op"]
[Site "Orsha"]
[Date "2019.01.19"]
[Round "2"]
[White "Siniauski, Artsiom"]
[Black "Zhigalko, Sergei"]
[Result "0-1"]
[WhiteElo "1932"]
[BlackElo "2695"]
[PlyCount "78"]
[EventDate "2019.01.19"]
[EventType "swiss (blitz)"]
[EventRounds "10"]
[EventCountry "BLR"]
[SourceTitle "CBM 189 Extra"]
[Source "ChessBase"]
[SourceDate "2019.06.03"]
[SourceVersion "1"]
[SourceVersionDate "2019.06.03"]
[SourceQuality "1"]

1. e4 c5 2. Nf3 d6 3. c3 Nf6 4. Be2 g6 5. O-O Bg7 6. Re1 O-O 7. Bf1 Nc6 8. h3 e5 9. d3 h6 10. a3 Re8 11. b4 Be6 12. Nbd2 Rc8 13. Bb2 b6 14. Nb3 Nd7 15. Rc1 b5 16. d4 Bxb3 17. Qxb3 c4 18. Qc2 Qb6 19. d5 Ne7 20. a4 a6 21. Ra1 f5 22. exf5 gxf5 23. Nh4 e4 24. Red1 Bf6 25. g3 Bxh4 26. gxh4 Ne5 27. Bc1 Kh7 28. Be3 Rg8+ 29. Kh1 Qd8 30. axb5 axb5 31. Ra7 Rg7 32. Be2 Ra8 33. Qd2 Rxa7 34. Bxa7 N7g6 35. Bd4 Qxh4 36. Bf1 Nf4 37. Bxe5 dxe5 38. Qe3 Qg5 39. Qg3 Qh5 0-1

[Event "Orsha blitz op"]
[Site "Orsha"]
[Date "2019.01.19"]
[Round "3"]
[White "Zhigalko, Sergei"]
[Black "Badelka, Olga"]
[Result "1-0"]
[WhiteElo "2695"]
[BlackElo "2219"]
[PlyCount "85"]
[EventDate "2019.01.19"]
[EventType "swiss (blitz)"]
[EventRounds "10"]
[EventCountry "BLR"]
[SourceTitle "CBM 189 Extra"]
[Source "ChessBase"]
[SourceDate "2019.06.03"]
[SourceVersion "1"]
[SourceVersionDate "2019.06.03"]
[SourceQuality "1"]

1. e4 c5 2. Nf3 e6 3. c3 Nf6 4. e5 Nd5 5. Bc4 Nc6 6. d4 cxd4 7. cxd4 d6 8. O-O Be7 9. Bd2 dxe5 10. dxe5 b6 11. Qe2 Bb7 12. Nc3 Nxc3 13. Bxc3 Qc7 14. a3 Rc8 15. Bd3 O-O 16. h4 Rfd8 17. Rfe1 Na5 18. Nd4 Rxd4 19. Bxd4 Nb3 20. Bxh7+ Kxh7 21. Qd3+ g6 22. Qxb3 Qc6 23. Qg3 Qc2 24. Qf4 Kg7 25. Rac1 Qb3 26. Rxc8 Bxc8 27. Rc1 Bb7 28. Rc7 Qd5 29. f3 Kf8 30. Kh2 Ke8 31. Bf2 f5 32. Rc2 Kf7 33. Bg3 g5 34. hxg5 Kg6 35. Qh4 Bxg5 36. Qh8 Qd7 37. Qg8+ Kh6 38. Qh8+ Kg6 39. Qg8+ Kh5 40. f4 Bh6 41. Qh8 Qg7 42. Qxg7 Bxg7 43. Rc7 1-0

[Event "Orsha blitz op"]
[Site "Orsha"]
[Date "2019.01.19"]
[Round "4"]
[White "Tsaruk, Maksim"]
[Black "Zhigalko, Sergei"]
[Result "0-1"]
[WhiteElo "2329"]
[BlackElo "2695"]
[PlyCount "100"]
[EventDate "2019.01.19"]
[EventType "swiss (blitz)"]
[EventRounds "10"]
[EventCountry "BLR"]
[SourceTitle "CBM 189 Extra"]
[Source "ChessBase"]
[SourceDate "2019.06.03"]
[SourceVersion "1"]
[SourceVersionDate "2019.06.03"]
[SourceQuality "1"]

1. Nf3 d5 2. g3 c6 3. Bg2 Bg4 4. O-O e6 5. b3 Nf6 6. Bb2 Be7 7. c4 O-O 8. Nc3 Nbd7 9. d4 h6 10. Re1 a5 11. h3 Bf5 12. Nd2 Bb4 13. a3 Bxc3 14. Bxc3 Ne4 15. Nxe4 Bxe4 16. f3 Bg6 17. e4 Qb6 18. c5 Qc7 19. Kh2 dxe4 20. fxe4 e5 21. b4 Rfd8 22. d5 b6 23. cxb6 Nxb6 24. bxa5 Nc4 25. Qa4 cxd5 26. exd5 e4 27. Rac1 Nxa5 28. Bxa5 Rxa5 29. Rxc7 Rxa4 30. Rc5 Rxa3 31. Bxe4 Bxe4 32. Rxe4 Ra2+ 33. Kg1 Rd2 34. Re5 Rb8 35. Rc1 Rbb2 36. Re8+ Kh7 37. Re7 Kg6 38. Rc6+ f6 39. Rc1 Rxd5 40. h4 h5 41. Rce1 Rdd2 42. R7e3 Rg2+ 43. Kh1 Rh2+ 44. Kg1 Rhc2 45. Re7 Rg2+ 46. Kh1 Rxg3 47. Rc7 Rh3+ 48. Kg1 Rxh4 49. Ree7 Rg4+ 50. Kf1 Kh6 0-1